<?xml version="1.0" encoding="UTF-8"?>
<record
    xmlns:xsi="http://www.w3.org/2001/XMLSchema-instance"
    xsi:schemaLocation="http://www.loc.gov/MARC21/slim http://www.loc.gov/standards/marcxml/schema/MARC21slim.xsd"
    xmlns="http://www.loc.gov/MARC21/slim">

  <leader>02335nam a2200373Ia 4500</leader>
  <controlfield tag="005">20250503134123.0</controlfield>
  <controlfield tag="008">120626s2006    mx a          000 0 spa d</controlfield>
  <datafield tag="020" ind1=" " ind2=" ">
    <subfield code="a">9789701042199</subfield>
  </datafield>
  <datafield tag="020" ind1=" " ind2=" ">
    <subfield code="a"> 9701042190</subfield>
  </datafield>
  <datafield tag="050" ind1="1" ind2="4">
    <subfield code="a">HD31</subfield>
    <subfield code="b">H47 2006</subfield>
  </datafield>
  <datafield tag="082" ind1=" " ind2=" ">
    <subfield code="a">658 H557i</subfield>
  </datafield>
  <datafield tag="100" ind1="1" ind2=" ">
    <subfield code="a">Hern&#xE1;ndez y Rodr&#xED;guez, Sergio</subfield>
    <subfield code="e">autor</subfield>
  </datafield>
  <datafield tag="245" ind1="1" ind2="0">
    <subfield code="a">Introducci&#xF3;n a la administraci&#xF3;n</subfield>
    <subfield code="b"> : Teor&#xED;a general administrativa origen, evoluci&#xF3;n y vanguardia</subfield>
    <subfield code="c"> / Sergio Hern&#xE1;ndez y Rodr&#xED;guez</subfield>
  </datafield>
  <datafield tag="250" ind1=" " ind2=" ">
    <subfield code="a">4a. edici&#xF3;n</subfield>
  </datafield>
  <datafield tag="260" ind1=" " ind2=" ">
    <subfield code="a">M&#xE9;xico</subfield>
    <subfield code="b">: McGraw-Hill</subfield>
    <subfield code="c">, 2006</subfield>
  </datafield>
  <datafield tag="300" ind1=" " ind2=" ">
    <subfield code="a">464 p&#xE1;ginas</subfield>
    <subfield code="b">diagramas, gr&#xE1;ficas, tablas</subfield>
    <subfield code="c"> </subfield>
  </datafield>
  <datafield tag="500" ind1=" " ind2=" ">
    <subfield code="a">Plan Flexible
Licenciatura en Gastronomia / Administraci&#xF3;n  (B03) / 14 002282, 14 002283,  14 004757,  14 002861, 14 003055, 14 002284 </subfield>
  </datafield>
  <datafield tag="504" ind1=" " ind2=" ">
    <subfield code="a">Incluye: Bibliograf&#xED;a (pp. 450-452)</subfield>
  </datafield>
  <datafield tag="505" ind1="2" ind2=" ">
    <subfield code="a">Administraci&#xF3;n profesional
Or&#xED;genes de la administraci&#xF3;n
Enfoque cl&#xE1;sico de la administraci&#xF3;n
E. Fayol procesos y principios
Escuela de las elaciones humanas
Escuela estructuralista
Escuela de sistemas
Escuela cuantitativa
Toma de decisiones
Liderazgo situacional
Enfoque de calidad
</subfield>
  </datafield>
  <datafield tag="519" ind1=" " ind2=" ">
    <subfield code="a">Educaci&#xF3;n Mixta / </subfield>
    <subfield code="b">Contadur&#xED;a / 
</subfield>
    <subfield code="c">Proceso Administrativo (B05-2) / 
</subfield>
    <subfield code="d">(17 001260)
</subfield>
  </datafield>
  <datafield tag="519" ind1=" " ind2=" ">
    <subfield code="a">Plan Flexible
</subfield>
    <subfield code="b">Administraci&#xF3;n /</subfield>
    <subfield code="c">Fundamentos de Administraci&#xF3;n (B01-1) /
</subfield>
    <subfield code="d">(17 000002)</subfield>
  </datafield>
  <datafield tag="519" ind1=" " ind2=" ">
    <subfield code="a">Plan Flexible / </subfield>
    <subfield code="b">Tecnolog&#xED;as de la Informaci&#xF3;n / </subfield>
    <subfield code="c">Administraci&#xF3;n (B08-1) / </subfield>
    <subfield code="d">(12 004368)</subfield>
  </datafield>
  <datafield tag="519" ind1=" " ind2=" ">
    <subfield code="a">Plan Flexible /
</subfield>
    <subfield code="b">Administraci&#xF3;n de Empresas Tur&#xED;sticas /
</subfield>
    <subfield code="c">Administraci&#xF3;n I (B07-2) /
</subfield>
    <subfield code="d">(20 000364)
</subfield>
  </datafield>
  <datafield tag="519" ind1=" " ind2=" ">
    <subfield code="a">Plan Flexible /</subfield>
    <subfield code="b">Gastronom&#xED;a /</subfield>
    <subfield code="c">Administraci&#xF3;n I (B03-3) /</subfield>
    <subfield code="d">(20 000365)</subfield>
  </datafield>
  <datafield tag="519" ind1=" " ind2=" ">
    <subfield code="a">Material Complementario /</subfield>
    <subfield code="b">Administraci&#xF3;n /</subfield>
    <subfield code="d">(06 000149)</subfield>
  </datafield>
  <datafield tag="519" ind1=" " ind2=" ">
    <subfield code="a">Plan Flexible

</subfield>
    <subfield code="b">Administraci&#xF3;n
</subfield>
    <subfield code="c">Fundamentos de administraci&#xF3;n (B01)
</subfield>
    <subfield code="d">(19 000178)
</subfield>
  </datafield>
  <datafield tag="519" ind1=" " ind2=" ">
    <subfield code="a">Plan Flexible</subfield>
    <subfield code="b">Tecnolog&#xED;as de la informaci&#xF3;n</subfield>
    <subfield code="c">Administraci&#xF3;n (B08)</subfield>
    <subfield code="d">(19 002199)</subfield>
  </datafield>
  <datafield tag="519" ind1=" " ind2=" ">
    <subfield code="a">Plan Flexible / </subfield>
    <subfield code="b">Administraci&#xF3;n / </subfield>
    <subfield code="c">Fundamentos de Administraci&#xF3;n (B01-1) / </subfield>
    <subfield code="d">(18 000224)</subfield>
  </datafield>
  <datafield tag="519" ind1=" " ind2=" ">
    <subfield code="a">Plan Flexible / </subfield>
    <subfield code="b">Tecnolog&#xED;as de la Informaci&#xF3;n / </subfield>
    <subfield code="c">Administraci&#xF3;n (B08-1) / </subfield>
    <subfield code="d">(18 000225)</subfield>
  </datafield>
  <datafield tag="650" ind1="1" ind2="4">
    <subfield code="a">ADMINISTRACI&#xD3;N</subfield>
  </datafield>
  <datafield tag="942" ind1=" " ind2=" ">
    <subfield code="c">LB</subfield>
    <subfield code="2">lcc</subfield>
  </datafield>
  <datafield tag="952" ind1=" " ind2=" ">
    <subfield code="0">0</subfield>
    <subfield code="1">0</subfield>
    <subfield code="4">0</subfield>
    <subfield code="7">0</subfield>
    <subfield code="a">06</subfield>
    <subfield code="b">06</subfield>
    <subfield code="d">2009-08-05</subfield>
    <subfield code="l">1</subfield>
    <subfield code="o">HD37 S6H47 2006</subfield>
    <subfield code="p">06 000149</subfield>
    <subfield code="r">2015-10-16</subfield>
    <subfield code="s">2015-10-16</subfield>
    <subfield code="t">1</subfield>
    <subfield code="w">2012-06-26</subfield>
    <subfield code="y">LB</subfield>
  </datafield>
  <datafield tag="952" ind1=" " ind2=" ">
    <subfield code="0">0</subfield>
    <subfield code="1">0</subfield>
    <subfield code="4">0</subfield>
    <subfield code="7">0</subfield>
    <subfield code="a">07</subfield>
    <subfield code="b">07</subfield>
    <subfield code="d">2008-11-20</subfield>
    <subfield code="l">24</subfield>
    <subfield code="o">HD37.E76 H475 2006</subfield>
    <subfield code="p">07 000271</subfield>
    <subfield code="r">2018-06-06</subfield>
    <subfield code="s">2018-06-04</subfield>
    <subfield code="t">1</subfield>
    <subfield code="w">2012-06-26</subfield>
    <subfield code="y">LB</subfield>
  </datafield>
  <datafield tag="952" ind1=" " ind2=" ">
    <subfield code="0">0</subfield>
    <subfield code="1">0</subfield>
    <subfield code="4">0</subfield>
    <subfield code="7">0</subfield>
    <subfield code="a">07</subfield>
    <subfield code="b">07</subfield>
    <subfield code="d">2010-07-30</subfield>
    <subfield code="l">0</subfield>
    <subfield code="o">HD37.E76 H475 2006</subfield>
    <subfield code="p">07 000299</subfield>
    <subfield code="r">2012-06-26</subfield>
    <subfield code="t">2</subfield>
    <subfield code="w">2012-06-26</subfield>
    <subfield code="y">LB</subfield>
  </datafield>
  <datafield tag="952" ind1=" " ind2=" ">
    <subfield code="0">0</subfield>
    <subfield code="1">0</subfield>
    <subfield code="4">0</subfield>
    <subfield code="7">0</subfield>
    <subfield code="a">07</subfield>
    <subfield code="b">07</subfield>
    <subfield code="d">2010-07-30</subfield>
    <subfield code="l">30</subfield>
    <subfield code="m">3</subfield>
    <subfield code="o">HD37.E76 H475 2006</subfield>
    <subfield code="p">07 000300</subfield>
    <subfield code="r">2016-12-03</subfield>
    <subfield code="s">2016-11-19</subfield>
    <subfield code="t">3</subfield>
    <subfield code="w">2012-06-26</subfield>
    <subfield code="y">LB</subfield>
  </datafield>
  <datafield tag="952" ind1=" " ind2=" ">
    <subfield code="0">0</subfield>
    <subfield code="1">0</subfield>
    <subfield code="4">0</subfield>
    <subfield code="7">0</subfield>
    <subfield code="a">07</subfield>
    <subfield code="b">07</subfield>
    <subfield code="d">2010-08-18</subfield>
    <subfield code="l">0</subfield>
    <subfield code="o">HD37.E76 H475 2006</subfield>
    <subfield code="p">07 000513</subfield>
    <subfield code="r">2012-06-26</subfield>
    <subfield code="t">4</subfield>
    <subfield code="w">2012-06-26</subfield>
    <subfield code="y">LB</subfield>
  </datafield>
  <datafield tag="952" ind1=" " ind2=" ">
    <subfield code="0">0</subfield>
    <subfield code="1">0</subfield>
    <subfield code="2">lcc</subfield>
    <subfield code="4">0</subfield>
    <subfield code="7">0</subfield>
    <subfield code="a">17</subfield>
    <subfield code="b">22</subfield>
    <subfield code="d">2010-07-27</subfield>
    <subfield code="l">35</subfield>
    <subfield code="m">5</subfield>
    <subfield code="o">HD31 H46  2006</subfield>
    <subfield code="p">17 000002</subfield>
    <subfield code="r">2023-07-22</subfield>
    <subfield code="s">2019-07-23</subfield>
    <subfield code="t">1</subfield>
    <subfield code="w">2012-06-26</subfield>
    <subfield code="y">LB</subfield>
  </datafield>
  <datafield tag="952" ind1=" " ind2=" ">
    <subfield code="0">0</subfield>
    <subfield code="1">0</subfield>
    <subfield code="2">lcc</subfield>
    <subfield code="4">0</subfield>
    <subfield code="7">0</subfield>
    <subfield code="a">22</subfield>
    <subfield code="b">22</subfield>
    <subfield code="d">2010-12-13</subfield>
    <subfield code="l">16</subfield>
    <subfield code="m">1</subfield>
    <subfield code="o">HD31 H46 2006</subfield>
    <subfield code="p">17 001260</subfield>
    <subfield code="r">2023-08-01</subfield>
    <subfield code="s">2019-09-19</subfield>
    <subfield code="t">3</subfield>
    <subfield code="w">2012-06-26</subfield>
    <subfield code="y">LB</subfield>
    <subfield code="f"></subfield>
  </datafield>
  <datafield tag="952" ind1=" " ind2=" ">
    <subfield code="0">0</subfield>
    <subfield code="1">0</subfield>
    <subfield code="4">0</subfield>
    <subfield code="7">0</subfield>
    <subfield code="a">15</subfield>
    <subfield code="b">15</subfield>
    <subfield code="d">2010-08-03</subfield>
    <subfield code="l">0</subfield>
    <subfield code="o">658 H557I</subfield>
    <subfield code="p">15 004321</subfield>
    <subfield code="r">2017-12-07</subfield>
    <subfield code="t">2</subfield>
    <subfield code="w">2012-06-28</subfield>
    <subfield code="y">LB</subfield>
  </datafield>
  <datafield tag="952" ind1=" " ind2=" ">
    <subfield code="0">0</subfield>
    <subfield code="1">0</subfield>
    <subfield code="4">0</subfield>
    <subfield code="7">0</subfield>
    <subfield code="a">15</subfield>
    <subfield code="b">15</subfield>
    <subfield code="d">2010-08-03</subfield>
    <subfield code="l">0</subfield>
    <subfield code="o">658 H557I</subfield>
    <subfield code="p">15 004322</subfield>
    <subfield code="r">2017-12-07</subfield>
    <subfield code="t">1</subfield>
    <subfield code="w">2012-06-28</subfield>
    <subfield code="y">LB</subfield>
  </datafield>
  <datafield tag="952" ind1=" " ind2=" ">
    <subfield code="0">0</subfield>
    <subfield code="1">0</subfield>
    <subfield code="4">0</subfield>
    <subfield code="7">0</subfield>
    <subfield code="a">13</subfield>
    <subfield code="b">13</subfield>
    <subfield code="d">2010-09-10</subfield>
    <subfield code="l">7</subfield>
    <subfield code="o">HD37.E76 H47 2006</subfield>
    <subfield code="p">13 001755</subfield>
    <subfield code="r">2016-02-04</subfield>
    <subfield code="s">2016-02-03</subfield>
    <subfield code="t">1</subfield>
    <subfield code="w">2012-09-05</subfield>
    <subfield code="y">LB</subfield>
  </datafield>
  <datafield tag="952" ind1=" " ind2=" ">
    <subfield code="0">0</subfield>
    <subfield code="1">0</subfield>
    <subfield code="4">0</subfield>
    <subfield code="7">0</subfield>
    <subfield code="a">14</subfield>
    <subfield code="b">14</subfield>
    <subfield code="d">2009-05-14</subfield>
    <subfield code="l">7</subfield>
    <subfield code="o">HD37.E76 H47 2006</subfield>
    <subfield code="p">14 002282</subfield>
    <subfield code="r">2014-12-09</subfield>
    <subfield code="s">2014-12-09</subfield>
    <subfield code="t">1</subfield>
    <subfield code="w">2012-10-28</subfield>
    <subfield code="y">LB</subfield>
  </datafield>
  <datafield tag="952" ind1=" " ind2=" ">
    <subfield code="0">0</subfield>
    <subfield code="1">0</subfield>
    <subfield code="4">0</subfield>
    <subfield code="7">0</subfield>
    <subfield code="a">14</subfield>
    <subfield code="b">14</subfield>
    <subfield code="d">2009-05-14</subfield>
    <subfield code="l">16</subfield>
    <subfield code="m">2</subfield>
    <subfield code="o">HD37.E76 H47 2006</subfield>
    <subfield code="p">14 002283</subfield>
    <subfield code="r">2016-12-07</subfield>
    <subfield code="s">2016-12-05</subfield>
    <subfield code="t">2</subfield>
    <subfield code="w">2012-10-28</subfield>
    <subfield code="y">LB</subfield>
  </datafield>
  <datafield tag="952" ind1=" " ind2=" ">
    <subfield code="0">0</subfield>
    <subfield code="1">0</subfield>
    <subfield code="4">0</subfield>
    <subfield code="7">0</subfield>
    <subfield code="a">14</subfield>
    <subfield code="b">14</subfield>
    <subfield code="d">2009-05-14</subfield>
    <subfield code="l">18</subfield>
    <subfield code="m">3</subfield>
    <subfield code="o">HD37.E76 H47 2006</subfield>
    <subfield code="p">14 002284</subfield>
    <subfield code="r">2016-12-10</subfield>
    <subfield code="s">2016-12-06</subfield>
    <subfield code="t">3</subfield>
    <subfield code="w">2012-10-28</subfield>
    <subfield code="y">LB</subfield>
  </datafield>
  <datafield tag="952" ind1=" " ind2=" ">
    <subfield code="0">0</subfield>
    <subfield code="1">0</subfield>
    <subfield code="4">0</subfield>
    <subfield code="7">0</subfield>
    <subfield code="a">14</subfield>
    <subfield code="b">14</subfield>
    <subfield code="d">2010-08-19</subfield>
    <subfield code="l">32</subfield>
    <subfield code="m">1</subfield>
    <subfield code="o">HD37.E76 H47 2006</subfield>
    <subfield code="p">14 002861</subfield>
    <subfield code="r">2015-11-24</subfield>
    <subfield code="s">2015-11-19</subfield>
    <subfield code="t">4</subfield>
    <subfield code="w">2012-10-28</subfield>
    <subfield code="y">LB</subfield>
  </datafield>
  <datafield tag="952" ind1=" " ind2=" ">
    <subfield code="0">0</subfield>
    <subfield code="1">0</subfield>
    <subfield code="4">0</subfield>
    <subfield code="7">0</subfield>
    <subfield code="a">14</subfield>
    <subfield code="b">14</subfield>
    <subfield code="d">2010-09-10</subfield>
    <subfield code="l">42</subfield>
    <subfield code="m">2</subfield>
    <subfield code="o">HD37.E76 H47 2006</subfield>
    <subfield code="p">14 003055</subfield>
    <subfield code="r">2017-03-11</subfield>
    <subfield code="s">2017-03-07</subfield>
    <subfield code="t">5</subfield>
    <subfield code="w">2012-10-28</subfield>
    <subfield code="y">LB</subfield>
  </datafield>
  <datafield tag="952" ind1=" " ind2=" ">
    <subfield code="0">0</subfield>
    <subfield code="1">0</subfield>
    <subfield code="4">0</subfield>
    <subfield code="7">0</subfield>
    <subfield code="a">14</subfield>
    <subfield code="b">14</subfield>
    <subfield code="d">2010-09-13</subfield>
    <subfield code="l">46</subfield>
    <subfield code="m">3</subfield>
    <subfield code="o">HD37.E76 H47 2006</subfield>
    <subfield code="p">14 003096</subfield>
    <subfield code="r">2016-12-05</subfield>
    <subfield code="s">2016-12-03</subfield>
    <subfield code="t">6</subfield>
    <subfield code="w">2012-10-28</subfield>
    <subfield code="y">LB</subfield>
  </datafield>
  <datafield tag="952" ind1=" " ind2=" ">
    <subfield code="0">0</subfield>
    <subfield code="1">0</subfield>
    <subfield code="2">lcc</subfield>
    <subfield code="4">0</subfield>
    <subfield code="7">0</subfield>
    <subfield code="a">20</subfield>
    <subfield code="b">20</subfield>
    <subfield code="d">2016-07-09</subfield>
    <subfield code="l">4</subfield>
    <subfield code="o">HD37.E76 H47 2006</subfield>
    <subfield code="p">20 000364</subfield>
    <subfield code="r">2024-09-19</subfield>
    <subfield code="s">2019-09-28</subfield>
    <subfield code="t">1</subfield>
    <subfield code="w">2016-07-09</subfield>
    <subfield code="y">LB</subfield>
  </datafield>
  <datafield tag="952" ind1=" " ind2=" ">
    <subfield code="0">0</subfield>
    <subfield code="1">0</subfield>
    <subfield code="2">lcc</subfield>
    <subfield code="4">0</subfield>
    <subfield code="7">0</subfield>
    <subfield code="a">20</subfield>
    <subfield code="b">20</subfield>
    <subfield code="d">2016-07-09</subfield>
    <subfield code="l">14</subfield>
    <subfield code="m">6</subfield>
    <subfield code="o">HD37.E76 H47 2006</subfield>
    <subfield code="p">20 000365</subfield>
    <subfield code="r">2019-02-09</subfield>
    <subfield code="s">2019-02-09</subfield>
    <subfield code="t">2</subfield>
    <subfield code="w">2016-07-09</subfield>
    <subfield code="y">LB</subfield>
  </datafield>
  <datafield tag="952" ind1=" " ind2=" ">
    <subfield code="0">0</subfield>
    <subfield code="1">0</subfield>
    <subfield code="4">0</subfield>
    <subfield code="7">0</subfield>
    <subfield code="a">12</subfield>
    <subfield code="b">12</subfield>
    <subfield code="d">2018-04-10</subfield>
    <subfield code="l">2</subfield>
    <subfield code="o">HD31 H47 2006</subfield>
    <subfield code="p">12 004367</subfield>
    <subfield code="r">2019-07-13</subfield>
    <subfield code="s">2019-07-13</subfield>
    <subfield code="t">1</subfield>
    <subfield code="w">2018-04-10</subfield>
    <subfield code="y">LB</subfield>
  </datafield>
  <datafield tag="999" ind1=" " ind2=" ">
    <subfield code="c">73046</subfield>
    <subfield code="d">73046</subfield>
  </datafield>
</record>
